Städte mit Tieren im Namen - Statistiken

Allgemein
  • Dieses Quiz wurde 130 mal gespielt
  • Das Durchschnittsergebnis liegt bei 13 aus 22
Antwortstatistiken
Hinweis Stadt Land % Korrekt
W {Wolf}sburg Niedersachsen, Deutschland
95%
H Shang{hai} China
94%
A Asch{affe}nburg Bayern, Deutschland
90%
O R{otter}dam Niederlande
89%
A S{ara}jevo Bosnien-Herzegovina
86%
S {Schwein}furt Bayern, Deutschland
82%
A {Aal}en Baden-Württemberg, Deutschland
73%
L Is{lama}bad Pakistan
71%
G {Gelse}nkirchen Nordrhein-Westfalen, Deutschland
70%
E {Eber}swalde Brandenburg, Deutschland
62%
D Sin{delfin}gen Baden-Württemberg, Deutschland
56%
R Dessau-{Roß}lau Sachsen-Anhalt, Deutschland
53%
H {Hase}lünne Niedersachsen, Deutschland
50%
K Je{kater}inburg Russland
49%
A K{assel} Hessen, Deutschland
47%
H T{hund}er Bay Kanada
43%
E W{esel} Nordrhein-Westfalen, Deutschland
39%
W Ra{wal}pindi Pakistan
38%
H {Henne}f Nordrhein-Westfalen, Deutschland
30%
E {Elch}e Spanien
24%
E Aguascali{ente}s Mexiko
19%
E T{emu}co Chile
4%
Keine übereinstimmenden Quizze gefunden
Verteilung der Resultate
Anzahl Personen mit jedem Resultat
Perzentil nach korrekt beantworteten Fragen
Ihre Resultats-Entwicklung
Sie haben dieses Quiz noch nicht gespielt